Archetypy šamanské tradice : duchovní cesty vnitřního bojovníka, léčitele, vizionáře a učitele /

Hlavní autor: Arrien, Angeles, 1940-2014
Jazyk: Čeština
Vydáno: Praha : Portál, 2000
Vydání: Vyd. 1.
Témata:
Fyzický popis: 167 s. : il. ; 21 cm
Knihy
Uloženo v:
LEADER 01238nam a2200361 a 4500
001 000536294
003 CZ BrMZK
005 20070911121526.0
007 ta
008 000115s2000 xr e f cze d
015 |a cnb000973443 
020 |a 80-7178-476-1 
035 |a (OCoLC)85004459 
040 |a BOA001  |b cze 
072 7 |a 133  |x Ezoterismus. Okultismus  |2 Konspekt  |9 17 
080 |a 133.4:2-382  |2 MRF 
080 |a 2-12/-17-264-027.14  |2 MRF 
080 |a 133.2  |2 MRF 
080 |a (0.062)  |2 MRF 
100 1 |a Arrien, Angeles,  |d 1940-2014  |7 jn20001227166  |4 aut 
245 1 0 |a Archetypy šamanské tradice :  |b duchovní cesty vnitřního bojovníka, léčitele, vizionáře a učitele /  |c Angeles Arrienová 
250 |a Vyd. 1. 
260 |a Praha :  |b Portál,  |c 2000 
300 |a 167 s. :  |b il. ;  |c 21 cm 
500 |a Bibliogr. 
650 0 7 |a šamanismus  |7 ph127795  |2 czenas 
650 0 7 |a archetypy (psychologie)  |7 ph118505  |2 czenas 
650 0 7 |a duchovní cesta  |7 ph119626  |2 czenas 
655 7 |a populárně-naučné publikace  |7 fd131864  |2 czenas 
765 0 |t <<The >>four-fould way 
910 |a BOA001  |b 2-1078.195 
990 |a BK 
996 6 |b 2610123156  |c 2-1078.195  |l MZK  |r Sklad / do 1 hodiny  |n 9  |p p.v.  |w 000536294  |u 000010  |a 1  |e BOA001  |j MZK50  |s P